00653cam a2200205 a 45000010008000000030004000080050017000120080041000290100017000700200015000870400018001020500012001202450024001322600011001563000010001675040064001776500027002418560089002688560090003571179166OSt20221031164954.0970417s1997 caua b 001 0 eng  a 97004855  a1867407355 aDLCcDLCdDLC00aP96.A9310aAudience analysis / bAmazon a301p. aIncludes bibliographical references (p. 151-161) and index. 0aMass mediaxAudiences.423Publisher descriptionuhttp://www.loc.gov/catdir/enhancements/fy0655/97004855-d.html413Table of contents onlyuhttp://www.loc.gov/catdir/enhancements/fy0655/97004855-t.html